000
00290nam a22001337a 4500
008
170303b xxu||||| |||| 00| 0 eng d
020
_a
9780721669021
041
_a
eng
080
_2
6 ED
_a
575
100
_a
6
101
_a
SHM
245
_a
GENETICS MEDICINE
_c
NUSSBAUM.W
942
_2
udc
_c
BK
999
_c
6737
_d
6737